| 000 | 00530nam a2200181Ia 4500 | ||
|---|---|---|---|
| 999 |
_c14227 _d14227 |
||
| 003 | OSt | ||
| 005 | 20201021131508.0 | ||
| 008 | 190216s9999||||xx |||||||||||||| ||und|| | ||
| 020 | _a9780192833624 | ||
| 040 | _coclc | ||
| 082 |
_a823.8 _bHAR/T |
||
| 100 |
_aHardy, Thomas _94826 |
||
| 245 | 0 |
_aTess Of The D Urbervilles / _cThomas Hardy |
|
| 260 |
_bOxford University Press, _c1998. _aNew York: |
||
| 300 | _a410p | ||
| 650 | _aEnglish Story-English Story | ||
| 942 |
_cBK _2ddc _h823.8 _iHAR/T _k823.8 _mHAR/T |
||